000 00501nam a2200169 i 4500
001 184994
003 SpMaBN
005 20230906222328.0
008 160303s1990 sp |||| | spa d
020 _a84-86307-34-1
080 _a821.134.2-1"19"
100 1 _aPérez Estrada, Rafael.
_990854
245 1 0 _aTratado de las nubes /
_cRafael Pérez Estrada.
260 _a[Sevilla] :
_bRenacimiento,
_c1990.
300 _a134 p. ;
_c22 cm.
852 _aES-MaACL
_jL-30240
_z. - Donat. Miguel A. Velasco
999 _c184994
_d184994